The control of dust and emissions from construction and demolition (Record no. 106133)
[ view plain ]
| 000 -LEADER | |
|---|---|
| fixed length control field | 01396cam a2200241 4500 |
| 001 - CONTROL NUMBER | |
| control field | ##L135658 |
| 008 - FIXED-LENGTH DATA ELEMENTS--GENERAL INFORMATION | |
| fixed length control field | 061122n2006 000 0 eng u |
| 020 ## - INTERNATIONAL STANDARD BOOK NUMBER | |
| International Standard Book Number | 1852619422 |
| -- | 9781852619428 |
| 035 ## - SYSTEM CONTROL NUMBER | |
| System control number | (Sirsi) u135658 |
| 041 0# - LANGUAGE CODE | |
| Language code of text/sound track or separate title | eng |
| 050 04 - LIBRARY OF CONGRESS CALL NUMBER | |
| Classification number | 614.83 $2 18 |
| 110 2# - MAIN ENTRY--CORPORATE NAME | |
| Corporate name or jurisdiction name as entry element | London |
| Subordinate unit | Greater London Authority |
| 9 (RLIN) | 3989 |
| 245 04 - TITLE STATEMENT | |
| Title | The control of dust and emissions from construction and demolition |
| Remainder of title | best practice guidance |
| Medium | [electronic resource] |
| 260 ## - PUBLICATION, DISTRIBUTION, ETC. | |
| Place of publication, distribution, etc. | London |
| Name of publisher, distributor, etc. | GLA |
| Date of publication, distribution, etc. | 2006 |
| 505 1# - FORMATTED CONTENTS NOTE | |
| Formatted contents note | Legislative framework -- Air quality impact evaluation -- Method statement -- Dust and emissions control measures -- Emission controls for vehicles and plant -- Site monitoring |
| 520 ## - SUMMARY, ETC. | |
| Summary, etc. | Provides guidance for London boroughs, developers, planners, and others in the construction process on reducing the impact of construction and demolition dust and emissions on air quality. Highlights various dust and emissions control measures which follow the hierarchy of prevention, suppression and containment. Aims to assist with the drafting of suitable planning conditions. |
| 590 ## - LOCAL NOTE (RLIN) | |
| Local note | KA |
| 651 #4 - SUBJECT ADDED ENTRY--GEOGRAPHIC NAME | |
| Geographic name | LONDON |
| 690 ## - LOCAL SUBJECT ADDED ENTRY--TOPICAL TERM (OCLC, RLIN) | |
| Topical term or geographic name as entry element | ENVIRONMENTAL AND LAND CONSULTANCY-ENVIRONMENTAL MANAGEMENT |
| 710 2# - ADDED ENTRY--CORPORATE NAME | |
| Corporate name or jurisdiction name as entry element | London Councils |
| 856 40 - ELECTRONIC LOCATION AND ACCESS | |
| Uniform Resource Identifier | <a href="https://legacy.london.gov.uk/mayor/environment/air_quality/docs/construction-dust-bpg.pdf">https://legacy.london.gov.uk/mayor/environment/air_quality/docs/construction-dust-bpg.pdf</a> |
| Public note | View the guidance free of charge at legacy.london.gov.uk |
| 942 ## - ADDED ENTRY ELEMENTS (KOHA) | |
| Suppress in OPAC | 0 |
| Withdrawn status | Lost status | Source of classification or shelving scheme | Damaged status | Not for loan | Home library | Current library | Shelving location | Date acquired | Total Checkouts | Full call number | Barcode | Date last seen | Copy number | Price effective from | Koha item type |
|---|---|---|---|---|---|---|---|---|---|---|---|---|---|---|---|
| Dewey Decimal Classification | Virtual | Virtual | Online | 22/11/2006 | ONLINE PUBLICATION | 135658-2001 | 06/08/2019 | 1 | 06/08/2019 | Book |